| 000 | 01441cam a22003977a 4500 | ||
|---|---|---|---|
| 003 | CHAP | ||
| 005 | 20220329142551.0 | ||
| 008 | 011128d2001 mx r 00110 spa d | ||
| 010 | _a85033 | ||
| 011 | _a86005 | ||
| 035 | _a96543 | ||
| 040 | _cCHAP | ||
| 090 | _aTesis | ||
| 100 | 0 | 0 |
_aEstrada Godoy, Francisco. _938386 |
| 245 | 1 | 0 |
_aEfecto de tres espaciamientos de drenes sobre el contenido de nitrógeno total en un suelo de la Chontalpa, Tabasco _c/por ]Francisco Estrada Godoy |
| 260 |
_aChapingo, Méx. : _bEl autor, _c2001. |
||
| 300 |
_a93 h. : _bgráfs. |
||
| 502 | _aTesis (Ing. Agr. Esp en Suelos) -- UACH. Departamento de Suelos | ||
| 590 |
_aALEPH _b10 _c20130110 _lUCH01 _h1444 |
||
| 590 |
_aBATCH-UPD _b10 _c20130110 _lUCH01 _h0042 |
||
| 590 |
_aBATCH-UPD _b10 _c20130110 _lUCH01 _h1650 |
||
| 590 |
_aBATCH-UPD _b10 _c20130409 _lUCH01 _h2027 |
||
| 590 |
_aBATCH-UPD _b10 _c20130410 _lUCH01 _h1039 |
||
| 590 |
_aBATCH-UPD _b10 _c20130914 _lUCH01 _h1222 |
||
| 590 |
_aCONVERSION _b10 _c20130109 _lUCH01 _h1347 |
||
| 650 | 1 | 4 |
_aDrenaje agrícola. _934221 |
| 650 | 1 | 4 |
_aPlantas _xEspaciamiento. _988835 |
| 650 | 1 | 4 |
_aSistemas de cultivo. _9106746 |
| 650 | 1 | 4 |
_aSuelos _xNitrógeno en. _9110451 |
| 650 | 1 | 4 |
_aSuelos _xTabasco. _9110489 |
| 901 | _aBK | ||
| 905 | _aMayto Villalobos S. | ||
| 942 | _cFOLL | ||
| 949 |
_aTesis _bBC _cTES _d33724000858627 _eTS2 _fc.2 _h38609 _i96543 _si |
||
| 949 |
_aTesis _bBC _cTES _d965431 _eTS1 _h38608 _i96543 _sb |
||
| 999 |
_c85033 _d85033 |
||